Introducción a la psicología fisiológica / (Record no. 83557)

MARC details
000 -LEADER
campo de control de longitud fija 00730nam a2200205 i 4500
001 - NÚMERO DE CONTROL
campo de control 83557
003 - IDENTIFICADOR DE NÚMERO DE CONTROL
campo de control ES-MaACL
005 - FECHA Y HORA DE LA ÚLTIMA TRANSACCIÓN
campo de control 20250414184902.0
007 - CAMPO FIJO DE DESCRIPCIÓN FÍSICA--INFORMACIÓN GENERAL
campo de control de longitud fija t|
008 - DATOS DE LONGITUD FIJA--INFORMACIÓN GENERAL
campo de control de longitud fija 041117s1974 sp ||||1| spa d
245 00 - MENCIÓN DEL TÍTULO
Título Introducción a la psicología fisiológica /
Mención de responsabilidad, etc. Robert L. Isaacson... [et al.] ; [traducción de Julio Arangais y Dionisio Mangas ; revisión y prólogo Dionisio Pérez y Pérez].
260 ## - PUBLICACIÓN, DISTRIBUCIÓN, ETC.
Lugar de publicación, distribución, etc. Madrid :
Nombre del editor, distribuidor, etc. Josefina Betancor,
Fecha de publicación, distribución, etc. 1974.
300 ## - DESCRIPCIÓN FÍSICA
Extensión 417 p. :
Otras características físicas il. ;
Dimensiones 22 cm.
700 1# - ENTRADA AGREGADA--NOMBRE PERSONAL
Nombre de persona Arangais, Julio.
9 (RLIN) 22299
700 1# - ENTRADA AGREGADA--NOMBRE PERSONAL
Nombre de persona Pérez y Pérez, Dionisio
9 (RLIN) 240039
700 1# - ENTRADA AGREGADA--NOMBRE PERSONAL
Nombre de persona Manga, Dionisio.
9 (RLIN) 75999
700 1# - ENTRADA AGREGADA--NOMBRE PERSONAL
Nombre de persona Isaacson, Robert L.
9 (RLIN) 65516
852 ## - LOCALIZACIÓN
Ubicación ES-MaACL
Número de control de estantería E-6312
Sublocalización o colección R.90355
Holdings
Estatus retirado Estado de pérdida Estado de daño No para préstamo Biblioteca de origen Biblioteca actual Ubicación en estantería Fecha de adquisición Fuente de adquisición Total de préstamos Signatura topográfica completa Código de barras Visto por última vez Precio de reemplazo Tipo de ítem Koha
        Biblioteca del Ateneo de Madrid Biblioteca del Ateneo de Madrid Depósito 2 17/01/2008     E-6312 1087331 23/02/2023 23/02/2023 Libro impreso